左心房漩涡 (Record no. 3827)

000 -LEADER
fixed length control field 00459nam a22001937a 4500
003 - CONTROL NUMBER IDENTIFIER
control field MPLRDC
005 - DATE AND TIME OF LATEST TRANSACTION
control field 20220104113955.0
008 - FIXED-LENGTH DATA ELEMENTS--GENERAL INFORMATION
fixed length control field 210129b ||||| |||| 00| 0 eng d
020 ## - INTERNATIONAL STANDARD BOOK NUMBER
International Standard Book Number 957-9159-24-6
082 ## - DEWEY DECIMAL CLASSIFICATION NUMBER
Classification number 848.2 WDJ v.5
100 ## - MAIN ENTRY--PERSONAL NAME
Personal name 王鼎钧著
245 ## - TITLE STATEMENT
Title 左心房漩涡
Statement of responsibility, etc.
250 ## - EDITION STATEMENT
Edition statement 十四印
260 ## - PUBLICATION, DISTRIBUTION, ETC.
Place of publication, distribution, etc.
Name of publisher, distributor, etc. 尔雅出版社
Date of publication, distribution, etc. 1991
300 ## - PHYSICAL DESCRIPTION
Other physical details
490 ## - SERIES STATEMENT
Series statement 尔雅丛书;223
650 ## - SUBJECT ADDED ENTRY--TOPICAL TERM
Topical term or geographic name entry element 现代别集
942 ## - ADDED ENTRY ELEMENTS (KOHA)
Koha item type Book
-- 848.2 WDJ v.5
Holdings
Withdrawn status Lost status Source of classification or shelving scheme Damaged status Not for loan Collection code Home library Current library Shelving location Date acquired Cost, normal purchase price Total Checkouts Full call number Barcode Date last seen Date last checked out Price effective from Koha item type Public note
            Malaysian Public Library, Research and Development Centre Malaysian Public Library, Research and Development Centre   10/12/2007 16.00   848.2 WDJ v.5 00003815 17/03/2021 07/12/2014 17/03/2021 Book mplrdc

© 2022. Malaysian Public Library, Research and Development Centre. All Right ReservedE-mailmplrdc@help.edu.my 

Powered by Koha